01205nam a2200349 a 450000100060000000300080000600500170001400600190003100700150005000800410006502000180010603500230012403500240014703500250017103500210019604000260021705000200024308000120026308200150027524500920029026000570038230000110043953301640045065000410061465000290065565300220068465500270070670000240073371000190075785600620077699900170083872516FlNmELB20241217143405.0m o d | cr cn|||||||||201106r2010 sp |||||s|||||||||||spa d z9788496877436 a(MiAaPQ)EBC3193955 a(Au-PeEL)EBL3193955 a(CaPaEBR)ebr10472927 a(OCoLC)929285002 aFlNmELBbspacFlNmELB 4aHB61bD545 2010 a33(038)04a330.0322200aDiccionario de teoría económicah[recurso electronico] /cLuis Palma Martos, coord. aMadrid :bEcobook - Editorial del Economista,c2010. a251 p. aRecurso electrónico. Santa Fe, Arg.: e-libro, 2015. Disponible vía World Wide Web. El acceso puede estar limitado para las bibliotecas afiliadas a e-libro. 0aEconomía políticaxDiccionarios. 0aEconomicsxDictionaries. aEconomia politica 4aLibros electrónicos.1 aPalma Martos, Luis.2 ae-libro, Corp.40uhttps://elibro.net/ereader/politecnicointernacional/60460 c72516d72516